LIBRARY & INFORMATION CENTRE, KCAET, TAVANUR

ONLINE PUBLIC ACCESS CATALOGUE (OPAC)

Citizenship today (Record no. 11203)

MARC details
000 -LEADER
fixed length control field 00400cam a2200169ua 4500
041 ## - LANGUAGE CODE
Language code of text/sound track or separate title eng
082 ## - DEWEY DECIMAL CLASSIFICATION NUMBER
Classification number 323.6
Item number BRO/CI
100 ## - MAIN ENTRY--AUTHOR NAME
Personal name D.W. Brogan, F.B.A LL.D .
245 ## - TITLE STATEMENT
Title Citizenship today
260 ## - PUBLICATION, DISTRIBUTION, ETC. (IMPRINT)
Place of publication Colonia :
Name of publisher The university of worth press ,
Year of publication 1960.
300 ## - PHYSICAL DESCRIPTION
Number of Pages 116 ; .
942 ## - ADDED ENTRY ELEMENTS (KOHA)
Koha item type Books
Holdings
Withdrawn status Lost status Damaged status Home library Current library Date acquired Full call number Accession Number Koha item type
Withdrawn     KAUAET Sanskrit University 07/04/2012 323.6 2552 Books
free website counter